000 00558nam a22002297a 4500
003 UA-OsUOA
001 30238
007 ta
008 20041108b un ||||| |||| 00| 0 ukr d
090 _a91
_bР22
942 _cBK
040 _aUA-OsUOA
_bukr
_cUA-OsUOA
_dUA-OsUOA
245 _aРаннє Українське поселення в Ріджайні 1890-1920
300 _a80 с.
_bІлюстрації
955 _a0
041 _aukr
080 _a91
260 _aРіджайна
_c1977
044 _aCA
650 7 _2UDC
999 _c316646
_d316646